UBT Library

Practical business math procedures / (Record no. 44507)

000 -LEADER
fixed length control field 00934cam a22002534a 4500
001 - CONTROL NUMBER
control field 16015999
005 - DATE AND TIME OF LATEST TRANSACTION
control field 20180308084628.0
008 - FIXED-LENGTH DATA ELEMENTS--GENERAL INFORMATION
fixed length control field 091210s2011 nyua 001 0 eng
010 ## - LIBRARY OF CONGRESS CONTROL NUMBER
LC control number 2009050020
020 ## - INTERNATIONAL STANDARD BOOK NUMBER
International Standard Book Number 9780073377537 (student edition : alk. paper)
020 ## - INTERNATIONAL STANDARD BOOK NUMBER
International Standard Book Number 0073377538 (student edition : alk. paper)
020 ## - INTERNATIONAL STANDARD BOOK NUMBER
International Standard Book Number 9780077327842 (teacher's edition : alk. paper)
020 ## - INTERNATIONAL STANDARD BOOK NUMBER
International Standard Book Number 0077327845 (teacher's edition : alk. paper)
040 ## - CATALOGING SOURCE
Original cataloging agency DLC
Transcribing agency DLC
Modifying agency DLC
041 ## - LANGUAGE CODE
Language code of text/sound track or separate title eng
080 ## - UNIVERSAL DECIMAL CLASSIFICATION NUMBER
Universal Decimal Classification number 650.01513 SLA
082 00 - DEWEY DECIMAL CLASSIFICATION NUMBER
Classification number 650.01513 SLA
Edition number 22
100 1# - Rafti
Rafti 57
101 ## - Shkurtesa
Shkurtesa BIZ
245 10 - TITLE STATEMENT
Title Practical business math procedures /
Statement of responsibility, etc Jeffrey Slater, Sharon Meyer.
906 ## - LOCAL DATA ELEMENT F, LDF (RLIN)
a 7
b cbc
c orignew
d 1
e ecip
f 20
g y-gencatlg
942 ## - ADDED ENTRY ELEMENTS (KOHA)
Source of classification or shelving scheme
Item type Books
Holdings
Withdrawn status Lost status Source of classification or shelving scheme Damaged status Not for loan Collection code Permanent location Current location Shelving location Date acquired Total Checkouts Full call number Barcode Date last seen Price effective from Koha item type
          Koleksioni i përgjithshem UBT - Lipjan UBT - Lipjan Koleksioni i përgjithshem 03/08/2018   650.01513 SLA 002-3001063 03/08/2018 03/08/2018 Books
UBT Library © 2015-2024. All rights reserved University Education for Business and Technology